Pohled do Slovenska : statě o životě kulturním, náboženském a politickém /

Hlavní autor: Loubal, František, 1893-1950
Jazyk: Čeština
Vydáno: Košice : Loubal, 1929
Témata:
Fyzický popis: 144 stran; 20 cm
Knihy
Uloženo v:
LEADER 01380nam a22003852i 4500
001 001822441
003 CZ BrMZK
005 20220512063719.0
007 ta
008 220503s1929 xr er|||||||||||cze d
040 |a ABA001  |b cze  |d BOA001  |e rda 
043 |a e-xo--- 
045 |a w5x2 
072 7 |a 94(437)  |x Dějiny Česka a Slovenska  |2 Konspekt  |9 8 
080 9 |a 316.72/.75  |2 MRF 
080 |a 2-6  |2 MRF 
080 |a 323  |2 MRF 
080 |a (437.6)  |2 MRF 
080 |a (048.8)  |2 MRF 
100 1 |a Loubal, František,  |d 1893-1950  |7 jk01072468  |4 aut 
245 1 0 |a Pohled do Slovenska :  |b statě o životě kulturním, náboženském a politickém /  |c Frant. Loubal 
264 1 |a Košice :  |b Loubal,  |c 1929 
300 |a 144 stran;  |c 20 cm 
336 |a text  |b txt  |2 rdacontent 
337 |a bez média  |b n  |2 rdamedia 
338 |a svazek  |b nc  |2 rdacarrier 
500 |a Na obálce uveden r. 1930 
648 7 |a 19.-20. století  |7 ch757015  |2 czenas 
650 0 7 |a kultura a společnost  |7 ph122010  |z Slovensko  |y 19.-20. století  |2 czenas 
651 7 |a Slovensko  |7 ge128580  |x náboženské poměry  |y 19.-20. století  |2 czenas 
651 7 |a Slovensko  |7 ge128580  |x společnost a politika  |y 19.-20. století  |2 czenas 
655 7 |a studie  |7 fd133597  |2 czenas 
910 |a BOA001  |b 2-0112.576 
990 |a BK 
996 7 |b 2618731014  |c 2-0112.576  |l MZK  |r Sklad / do 24 hodin  |n 1  |w 001886476  |u 000010  |a 1  |e BOA001  |j MZK50  |s A